| 000 | 00352nam a2200133Ia 4500 | ||
|---|---|---|---|
| 008 | 150201s2009 xx 000 0 und d | ||
| 082 |
_a614.1 _bS09A |
||
| 100 | _aAGGARWAL,GAURAVG | ||
| 245 | _aSMART STUDY SERIES FORENSIC MEDICINE & TOXICOLOGY | ||
| 250 | _a1ST | ||
| 260 |
_bELSEVIER _aDELHI _c2009 |
||
| 650 | _aFORENSIC MEDICINE | ||
| 942 |
_2ddc _cBK _07 |
||
| 999 |
_c1226 _d1226 |
||